[Event "ONJK 2018 A"]
[Site "Borne, Netherlands"]
[Date "2018.08.10"]
[Round "8.5"]
[White "Roebers, Eline"]
[Black "Jongste, David"]
[Result "0-1"]
[WhiteElo "1857"]
[BlackElo "2109"]
[PlyCount "100"]
[EventDate "2018.??.??"]

1. e4 c5 2. a3 g6 3. b4 Bg7 4. c3 cxb4 5. axb4 d5 6. exd5 Qxd5 7. Nf3 Nc6 8. d4
Bf5 9. Be2 Nf6 10. O-O O-O 11. h3 a6 12. Bf4 Rfd8 13. Nbd2 Qd7 14. Qb3 Be6 15.
Qb2 Nd5 16. Bh2 Nxc3 17. Qxc3 Nxd4 18. Qd3 Nxf3+ 19. Nxf3 Qxd3 20. Bxd3 Bxa1
21. Be4 Bc3 22. Bxb7 Ra7 23. Be4 Bxb4 24. Ne5 Rd4 25. Nc6 Rxe4 26. Nxa7 Bc5 27.
Nc6 Bc4 28. Rc1 Bb5 29. Bg3 Rc4 30. Rxc4 Bxc4 31. Be5 f6 32. Bc3 e5 33. g4 Bb5
34. Na5 Kf7 35. Kg2 Ke6 36. Kf3 Kd5 37. h4 f5 38. gxf5 gxf5 39. Kg3 f4+ 40. Kf3
h5 41. Bd2 Be7 42. Bc3 Bxh4 43. Bd2 Bg5 44. Bc3 e4+ 45. Kg2 Be2 46. Bb4 Bf3+
47. Kf1 h4 48. Bc3 h3 49. Kg1 e3 50. Bb4 h2+ 0-1

[Event "ONJK 2018 A"]
[Site "Borne, Netherlands"]
[Date "2018.08.10"]
[Round "8.6"]
[White "De Vries, Tobias"]
[Black "Gijsen, William"]
[Result "0-1"]
[WhiteElo "1775"]
[BlackElo "1949"]
[PlyCount "56"]
[EventDate "2018.??.??"]

1. Nc3 e5 2. Nf3 d6 3. d4 exd4 4. Nxd4 g6 5. e4 Bg7 6. Bc4 Nf6 7. Bg5 h6 8. Bh4
O-O 9. f3 c6 10. Bf2 d5 11. exd5 Nxd5 12. Nxd5 cxd5 13. Be2 Nc6 14. O-O Qg5 15.
f4 Qe7 16. Nxc6 bxc6 17. c3 a5 18. Re1 Qc7 19. g3 a4 20. Qd2 Bf5 21. Bd4 Rab8
22. Bd1 Qa5 23. Rc1 Bxd4+ 24. Qxd4 Rxb2 25. Qxa4 Rxa2 26. Qxc6 Qa7+ 27. Kh1 Qf2
28. Re2 Qf1# 0-1

[Event "ONJK 2018 A"]
[Site "Borne, Netherlands"]
[Date "2018.08.10"]
[Round "8.7"]
[White "Pauwels, Xander"]
[Black "Bosma, Jan"]
[Result "1/2-1/2"]
[WhiteElo "2095"]
[BlackElo "1699"]
[PlyCount "103"]
[EventDate "2018.??.??"]

1. e4 c6 2. d4 d5 3. exd5 cxd5 4. Bd3 Nc6 5. c3 Qc7 6. Nf3 Bg4 7. Nbd2 e6 8.
Nf1 Bd6 9. Ng3 Nge7 10. h3 Bxf3 11. Qxf3 O-O-O 12. Bd2 Kb8 13. O-O f5 14. Rfe1
f4 15. Nh5 e5 16. Bf1 g6 17. Ng7 e4 18. Qg4 h5 19. Qg5 Qd7 20. c4 Nxd4 21. cxd5
Qxh3 22. Bxf4 Qd7 23. Rxe4 Ndf5 24. Nxf5 Nxf5 25. Rae1 Ka8 26. Bxd6 Qxd6 27.
Bc4 Rhf8 28. Qd2 Qc5 29. Bb3 a6 30. Qb4 Qc7 31. Re6 g5 32. Qd2 g4 33. Qc3 Qf4
34. Qe5 Qd2 35. Rd1 Qb4 36. Rf6 Nd6 37. Rxf8 Rxf8 38. Qd4 Qb5 39. Re1 Nf5 40.
Qf4 g3 41. fxg3 Qc5+ 42. Kh2 Nd4 43. Qe3 h4 44. gxh4 Qd6+ 45. Qe5 Qb6 46. d6
Rf2 47. Kh3 Ka7 48. Qe3 Rf6 49. d7 Rd6 50. Qe7 Nf5 51. Qe4 Qf2 52. Kh2 1/2-1/2

[Event "ONJK 2018 A"]
[Site "Borne, Netherlands"]
[Date "2018.08.10"]
[Round "8.8"]
[White "Waardenburg, Feline"]
[Black "Van Malder, Dries"]
[Result "0-1"]
[WhiteElo "1752"]
[BlackElo "2126"]
[PlyCount "104"]
[EventDate "2018.??.??"]

1. d4 Nf6 2. c4 e6 3. Nc3 Bb4 4. e3 O-O 5. Nge2 d5 6. a3 Be7 7. cxd5 exd5 8.
Nf4 c6 9. Bd3 Nbd7 10. O-O Re8 11. b3 Nf8 12. Bb2 Ne6 13. Nxe6 Bxe6 14. Rc1 Qd7
15. Re1 Bf5 16. b4 a6 17. Na4 Bxd3 18. Qxd3 Qc7 19. Nc3 Bd6 20. h3 Qe7 21. Re2
Bc7 22. Rce1 Qd6 23. g3 Ne4 24. Nxe4 Rxe4 25. f4 Rae8 26. Bc1 Qg6 27. Kh2 h5
28. Rg2 Qf5 29. Qf1 R8e6 30. Bd2 Kf8 31. a4 Bd6 32. b5 axb5 33. axb5 c5 34.
dxc5 Bxc5 35. Rc1 b6 36. Re2 Kg8 37. Rg2 Bxe3 38. Bxe3 Rxe3 39. Rd1 Qe4 40.
Rdd2 h4 41. Qf2 hxg3+ 42. Rxg3 Rxg3 43. Qxg3 d4 44. Qg5 Rd6 45. Qg3 Rf6 46. Rf2
d3 47. f5 Rxf5 48. Rxf5 Qxf5 49. Qb8+ Kh7 50. Qxb6 Qe5+ 51. Kg2 Qd5+ 52. Kf2 d2
0-1

[Event "ONJK 2018 A"]
[Site "Borne, Netherlands"]
[Date "2018.08.10"]
[Round "8.9"]
[White "Godde, Matthias"]
[Black "Merkon, Oseb"]
[Result "0-1"]
[WhiteElo "2020"]
[BlackElo "1803"]
[PlyCount "44"]
[EventDate "2018.??.??"]

1. e4 e6 2. d3 d5 3. Nd2 Nf6 4. Ngf3 c5 5. g3 Be7 6. Bg2 Nc6 7. O-O b5 8. Re1
Qb6 9. exd5 exd5 10. Ne5 Nxe5 11. Rxe5 Be6 12. c4 Rd8 13. Qb3 bxc4 14. dxc4 d4
15. Qd3 O-O 16. Ne4 Ng4 17. Rh5 g6 18. Ng5 Bf5 19. Be4 Bxe4 20. Qxe4 Nf6 21.
Qh4 Nxh5 22. g4 h6 0-1

[Event "ONJK 2018 A"]
[Site "Borne, Netherlands"]
[Date "2018.08.10"]
[Round "8.10"]
[White "Lahouel, Kim-Luca"]
[Black "Verheyen, Olivier"]
[Result "0-1"]
[WhiteElo "1894"]
[BlackElo "2010"]
[PlyCount "74"]
[EventDate "2018.??.??"]

1. e4 c5 2. c3 d5 3. exd5 Qxd5 4. d4 Nc6 5. Nf3 Bf5 6. Be2 cxd4 7. cxd4 Bxb1 8.
Rxb1 e6 9. O-O Nf6 10. Qa4 Be7 11. Bc4 Qa5 12. Qb3 Qc7 13. Bf4 Qxf4 14. Qxb7
O-O 15. Qxc6 Rac8 16. Qb5 Rfd8 17. Bb3 Nd5 18. Rfe1 Bf6 19. Rbd1 Qg4 20. Bxd5
Rxd5 21. Qb7 Rcd8 22. h3 Qh5 23. Qxa7 Ra5 24. Qb6 Rb5 25. Qc7 Rxb2 26. d5 Rxa2
27. dxe6 Rxd1 28. Rxd1 fxe6 29. Rd8+ Bxd8 30. Qxd8+ Kf7 31. Ng5+ Kg6 32. Qe8+
Kxg5 33. f4+ Kh4 34. Qd8+ g5 35. fxg5 Rxg2+ 36. Kxg2 Qe2+ 37. Kg1 Kxh3 0-1

[Event "ONJK 2018 A"]
[Site "Borne, Netherlands"]
[Date "2018.08.10"]
[Round "8.11"]
[White "Van Doren, Bas"]
[Black "Baselmans, Luuk"]
[Result "1-0"]
[WhiteElo "1875"]
[BlackElo "2100"]
[PlyCount "35"]
[EventDate "2018.??.??"]

1. e4 e6 2. Nf3 d5 3. e5 c5 4. b4 cxb4 5. a3 Nc6 6. axb4 Bxb4 7. c3 Be7 8. d4
Bd7 9. Bd3 Rc8 10. h4 a6 11. Rh3 Na5 12. Ng5 Nh6 13. Qh5 Nb3 14. Be3 Nxa1 15.
Rf3 g6 16. Qxh6 Bf8 17. Nxf7 Bxh6 18. Nd6+ 1-0

[Event "ONJK 2018 A"]
[Site "Borne, Netherlands"]
[Date "2018.08.10"]
[Round "8.12"]
[White "De Boer, Sipke"]
[Black "Muntean, Victor"]
[Result "1-0"]
[WhiteElo "1352"]
[BlackElo "1929"]
[PlyCount "47"]
[EventDate "2018.??.??"]

1. d4 d5 2. c4 dxc4 3. e4 e5 4. Nf3 exd4 5. Nxd4 c5 6. Nf3 Qxd1+ 7. Kxd1 Nc6 8.
Bxc4 Bg4 9. Be3 O-O-O+ 10. Kc2 Nf6 11. Nc3 Nd4+ 12. Bxd4 cxd4 13. Nb5 Bc5 14.
Ne5 Nxe4 15. Nxg4 Rhe8 16. f3 Nd6 17. Nxd6+ Rxd6 18. Rhe1 Red8 19. Ne5 Bb4 20.
Red1 b5 21. Bxb5 Rd5 22. Nc6 Rc5+ 23. Kb3 a5 24. Ba6+ 1-0

[Event "ONJK 2018 A"]
[Site "Borne, Netherlands"]
[Date "2018.08.11"]
[Round "9.1"]
[White "Van Roon, Sjoerd"]
[Black "Maerevoet, Sim"]
[Result "1/2-1/2"]
[WhiteElo "2116"]
[BlackElo "2114"]
[PlyCount "158"]
[EventDate "2018.??.??"]

1. e4 c5 2. Nf3 d6 3. d4 cxd4 4. Nxd4 Nf6 5. Nc3 a6 6. Bg5 Nbd7 7. f4 Qc7 8.
Qe2 e6 9. g4 h6 10. Bh4 g5 11. fxg5 hxg5 12. Bxg5 Be7 13. Bg2 Rg8 14. h4 Ne5
15. O-O-O Qc4 16. Qxc4 Nxc4 17. Bh3 Ne5 18. Rhg1 b5 19. a3 Nfd7 20. Bxe7 Kxe7
21. g5 Nf8 22. h5 Nh7 23. g6 fxg6 24. hxg6 Nxg6 25. Nc6+ Kf7 26. Rxd6 Nhf8 27.
e5 Bd7 28. Ne4 Bxc6 29. Rxc6 Nxe5 30. Rc7+ Nfd7 31. Rd1 Ke7 32. Nc5 Rac8 33.
Nxd7 Rxc7 34. Nxe5 Rg3 35. Rd3 Rg1+ 36. Kd2 Rh1 37. Bg2 Rb1 38. Rc3 Kd6 39. Nd3
Rg1 40. Be4 Rg4 41. Rxc7 Kxc7 42. Ke3 Kd6 43. Kd4 Rg1 44. Bb7 a5 45. Nf2 Rb1
46. Nd3 Rg1 47. b3 Ra1 48. Kc3 e5 49. Kb2 Rg1 50. c4 bxc4 51. bxc4 Rg4 52. c5+
Kc7 53. Bf3 Rg5 54. Kc3 Rf5 55. Be4 Rf1 56. Nxe5 Re1 57. Kd4 Rd1+ 58. Bd3 Rh1
59. Kd5 Rd1 60. c6 Ra1 61. Nc4 Rd1 62. Kd4 Kxc6 63. Nxa5+ Kc7 64. a4 Rh1 65.
Nc4 Ra1 66. a5 Kc6 67. Bf5 Rd1+ 68. Bd3 Ra1 69. Kc3 Kc5 70. Nd2 Rc1+ 71. Kb2
Rd1 72. Kc2 Rg1 73. Nb3+ Kb4 74. a6 Rg2+ 75. Nd2 Rg7 76. Ne4 Ra7 77. Kb2 Ka5
78. Nc5 Kb6 79. Na4+ Ka5 1/2-1/2

[Event "ONJK 2018 A"]
[Site "Borne, Netherlands"]
[Date "2018.08.11"]
[Round "9.2"]
[White "Ortmeier, Leonhard"]
[Black "Dauw, Sterre"]
[Result "1-0"]
[WhiteElo "2080"]
[BlackElo "2192"]
[PlyCount "63"]
[EventDate "2018.??.??"]

1. e4 e5 2. Nf3 Nc6 3. Bc4 Nf6 4. d3 Bc5 5. O-O O-O 6. c3 a6 7. Bb3 Ba7 8. h3
d6 9. Re1 Ne7 10. Nbd2 Ng6 11. Nf1 Nh5 12. d4 Nhf4 13. Ng3 Qf6 14. Nh5 Qe7 15.
Nxf4 Nxf4 16. Bxf4 exf4 17. Qd2 Qf6 18. e5 dxe5 19. Rxe5 Bd7 20. Rae1 Rfe8 21.
Ng5 Rxe5 22. Rxe5 Rf8 23. Qe2 Kh8 24. Qh5 Qg6 25. Nxf7+ Kg8 26. Qxg6 hxg6 27.
Re7 Bf5 28. Nh6+ Kh7 29. Nxf5 gxf5 30. Rxc7 Re8 31. Rxb7 Bb8 32. Kf1 1-0

[Event "ONJK 2018 A"]
[Site "Borne, Netherlands"]
[Date "2018.08.11"]
[Round "9.3"]
[White "Gijsen, William"]
[Black "Jongste, David"]
[Result "0-1"]
[WhiteElo "1949"]
[BlackElo "2109"]
[PlyCount "60"]
[EventDate "2018.??.??"]

1. e4 c5 2. Nf3 e6 3. d4 cxd4 4. Nxd4 a6 5. Be3 Nf6 6. Nd2 Nc6 7. c3 d5 8. f3
e5 9. N4b3 Be7 10. Bd3 a5 11. O-O a4 12. Nc1 a3 13. b3 O-O 14. Ne2 Be6 15. f4
Ng4 16. Bf2 Nxf2 17. Kxf2 Bc5+ 18. Kf3 exf4 19. Nxf4 Ne5+ 20. Ke2 Bg4+ 21. Nf3
Nxd3 22. Nxd3 dxe4 23. Nxc5 exf3+ 24. gxf3 Qe7+ 25. Ne4 Qxe4+ 26. Kf2 Qf4 27.
Kg2 Rad8 28. Qe1 Rd2+ 29. Rf2 Qxf3+ 30. Kg1 Qxf2+ 0-1

[Event "ONJK 2018 A"]
[Site "Borne, Netherlands"]
[Date "2018.08.11"]
[Round "9.4"]
[White "Van Malder, Dries"]
[Black "Hilwerda, Jonas"]
[Result "1-0"]
[WhiteElo "2126"]
[BlackElo "2124"]
[PlyCount "208"]
[EventDate "2018.??.??"]

1. d4 d5 2. c4 e6 3. Nc3 Nf6 4. cxd5 exd5 5. Bg5 Be7 6. e3 c6 7. Bd3 Na6 8. a3
Nc7 9. Nge2 Ne6 10. Bh4 g6 11. O-O Ng7 12. f3 Bf5 13. Bf2 Bxd3 14. Qxd3 O-O 15.
Rad1 Qd7 16. h3 Ne6 17. e4 Nh5 18. Be3 f5 19. exd5 cxd5 20. Rfe1 Rfe8 21. Qd2
Bf6 22. Rc1 Nhg7 23. Nf4 Nc7 24. Rcd1 Nge6 25. Re2 Re7 26. Rde1 Rae8 27. Nxe6
Nxe6 28. Bf2 a6 29. Kh1 f4 30. Qd1 Nc7 31. Rxe7 Rxe7 32. Rxe7 Bxe7 33. Qe2 Bf6
34. Kg1 Kf7 35. Kf1 Ne6 36. Qd3 Qc6 37. b3 Ke7 38. Ne2 Kd7 39. Qd2 Qc7 40. Kg1
Be7 41. a4 Bf6 42. Kh2 Be7 43. Kg1 Bf6 44. Kh2 Qb6 45. Nxf4 Qxb3 46. Nxe6 Kxe6
47. a5 Qa3 48. Bg3 Qa4 49. Bf2 Qc6 50. g4 Kf7 51. f4 Be7 52. Bg3 Bd6 53. f5 Qc7
54. Bxd6 Qxd6+ 55. Kg2 Qc7 56. Qf2 Qxa5 57. fxg6+ Kxg6 58. Qf5+ Kg7 59. Qd7+
Kf8 60. Qxh7 Qd2+ 61. Kg3 Qe3+ 62. Kh2 Qf4+ 63. Kg1 Qxd4+ 64. Kf1 Qf4+ 65. Kg1
Qe3+ 66. Kh2 Qf2+ 67. Kh1 Qf7 68. Qh6+ Ke8 69. g5 Qf1+ 70. Kh2 Qf4+ 71. Kg2 d4
72. Qe6+ Kd8 73. g6 Qd2+ 74. Kf3 Qd1+ 75. Ke4 Qe2+ 76. Kf5 Qh5+ 77. Kf6 Qf3+
78. Kg5 Qg3+ 79. Kh5 d3 80. Qg8+ Kc7 81. Qg7+ Kb6 82. Qd4+ Kc6 83. Qc4+ Kd6 84.
Qd4+ Ke6 85. Qc4+ Kf5 86. Qd5+ Qe5 87. Qf3+ Ke6+ 88. Kh6 Qh8+ 89. Kg5 Qe5+ 90.
Kh6 Qh8+ 91. Kg5 Qd8+ 92. Kh5 Qa5+ 93. Kh6 Qd2+ 94. Kh7 Qg5 95. Qxd3 Qh4+ 96.
Kg8 Qh5 97. Qc4+ Kd6 98. Qf4+ Ke7 99. g7 Qd5+ 100. Kh7 Qh5+ 101. Qh6 Qf5+ 102.
Kh8 Qe5 103. Qg6 Qd4 104. Qg5+ Kf7 1-0

[Event "ONJK 2018 A"]
[Site "Borne, Netherlands"]
[Date "2018.08.11"]
[Round "9.6"]
[White "Verheyen, Olivier"]
[Black "Bosma, Jan"]
[Result "1-0"]
[WhiteElo "2010"]
[BlackElo "1699"]
[PlyCount "89"]
[EventDate "2018.??.??"]

1. e4 c6 2. d4 d5 3. exd5 cxd5 4. Bf4 Nc6 5. c3 Bf5 6. Qb3 Qd7 7. Nd2 a6 8.
Ngf3 e6 9. Be2 Nf6 10. Ne5 Nxe5 11. dxe5 Ne4 12. Nxe4 Bxe4 13. O-O Bc5 14. h4
h6 15. h5 O-O 16. Rad1 Qe7 17. Bd3 Qh4 18. Bh2 Rad8 19. Qxb7 Qg4 20. Bxe4 dxe4
21. Rde1 Rd2 22. Qxe4 Qxe4 23. Rxe4 Rxb2 24. Ra4 Rd8 25. Bg3 Rd3 26. Kh2 Rxc3
27. Rxa6 Rcc2 28. a4 Ra2 29. Ra8+ Kh7 30. a5 Ra4 31. Rd1 Bb6 32. a6 g6 33. Rd7
Kg7 34. Rb8 Rxa6 35. Rbb7 gxh5 36. Rxf7+ Kg8 37. Rfe7 Kf8 38. Rxe6 Rc1 39.
Rexb6 Raa1 40. Bh4 Rh1+ 41. Kg3 Ra4 42. Rc7 Ra8 43. Rxh6 Kg8 44. Bf6 h4+ 45.
Kg4 1-0

[Event "ONJK 2018 A"]
[Site "Borne, Netherlands"]
[Date "2018.08.11"]
[Round "9.7"]
[White "Duson, Robin"]
[Black "Roebers, Eline"]
[Result "1/2-1/2"]
[WhiteElo "2022"]
[BlackElo "1857"]
[PlyCount "60"]
[EventDate "2018.??.??"]

1. d4 Nf6 2. c4 g6 3. Nc3 Bg7 4. e4 d6 5. Be2 O-O 6. Be3 Nbd7 7. g4 e5 8. d5
Nc5 9. f3 a5 10. h4 c6 11. h5 cxd5 12. cxd5 Bd7 13. Qd2 Re8 14. Nh3 a4 15. Nf2
Qa5 16. Rc1 b5 17. Kf1 b4 18. Nb1 Bb5 19. Bxc5 Bxe2+ 20. Kxe2 dxc5 21. Nd3 Nd7
22. Qe3 Qb5 23. Nd2 Bf8 24. Nc4 Rac8 25. g5 Nb6 26. Nxb6 Qxb6 27. Rc4 Qb5 28.
Rhc1 Bd6 29. Kf2 b3 30. a3 Rc7 1/2-1/2

[Event "ONJK 2018 A"]
[Site "Borne, Netherlands"]
[Date "2018.08.11"]
[Round "9.8"]
[White "De Bock, Thijs"]
[Black "De Vries, Tobias"]
[Result "1-0"]
[WhiteElo "1959"]
[BlackElo "1775"]
[PlyCount "45"]
[EventDate "2018.??.??"]

1. e4 e6 2. Nf3 d5 3. Nc3 d4 4. Ne2 c5 5. c3 Nc6 6. cxd4 cxd4 7. Qa4 Bc5 8. b4
Bb6 9. b5 Nce7 10. Nexd4 e5 11. Nc2 Ng6 12. Bb2 Qf6 13. Ne3 Bxe3 14. fxe3 Bd7
15. Bc4 N8e7 16. O-O Qd6 17. Ba3 Qb8 18. Qb3 f6 19. h4 Bg4 20. Nh2 h5 21. Bf7+
Kd8 22. Nxg4 hxg4 23. Qd3+ 1-0

[Event "ONJK 2018 A"]
[Site "Borne, Netherlands"]
[Date "2018.08.11"]
[Round "9.9"]
[White "Van Doren, Bas"]
[Black "De Boer, Sipke"]
[Result "1-0"]
[WhiteElo "1875"]
[BlackElo "1352"]
[PlyCount "53"]
[EventDate "2018.??.??"]

1. e4 d5 2. exd5 Qxd5 3. Nc3 Qa5 4. d4 Nf6 5. Nf3 Bg4 6. h3 Bxf3 7. Qxf3 c6 8.
Bc4 Nbd7 9. Bd2 e6 10. O-O-O Qc7 11. Rhe1 O-O-O 12. Bf4 Bd6 13. Bxd6 Qxd6 14.
Bb3 Rhf8 15. Kb1 Nb6 16. Ne4 Nxe4 17. Qxe4 g6 18. c4 c5 19. d5 exd5 20. cxd5
Qd7 21. Rc1 Qc7 22. Rc2 Nd7 23. Qe7 b6 24. d6 Qc6 25. f3 Nb8 26. Bxf7 Qxd6 27.
Be6+ 1-0

[Event "ONJK 2018 A"]
[Site "Borne, Netherlands"]
[Date "2018.08.11"]
[Round "9.10"]
[White "Lahouel, Kim-Luca"]
[Black "Godde, Matthias"]
[Result "1-0"]
[WhiteElo "1894"]
[BlackElo "2020"]
[PlyCount "95"]
[EventDate "2018.??.??"]

1. e4 d6 2. d4 Nf6 3. Bd3 g6 4. Nf3 Bg7 5. O-O O-O 6. Re1 Nc6 7. Nbd2 e5 8. c3
Qe7 9. Nf1 Bg4 10. d5 Nd8 11. Ne3 Bc8 12. b4 Ng4 13. a4 Nxe3 14. Bxe3 f5 15.
Bg5 Bf6 16. Bxf6 Qxf6 17. Nd2 f4 18. c4 Nf7 19. Rc1 g5 20. Be2 Nh6 21. f3 Rf7
22. c5 Qg6 23. cxd6 cxd6 24. h3 Kg7 25. Rc3 Ng8 26. Qc2 Ne7 27. Bb5 Rf8 28. Rc7
Qf6 29. Rc1 Rd8 30. a5 h5 31. Qd1 Kf7 32. Be2 Rb8 33. Nc4 Bd7 34. a6 bxa6 35.
Na5 Rxb4 36. Nb7 Rb8 37. Bxa6 Ba4 38. Qd3 g4 39. Qa3 R8xb7 40. Bxb7 Rd4 41.
fxg4 hxg4 42. hxg4 Rxe4 43. Qh3 Qg7 44. Qh5+ Kf8 45. Rxe7 Kxe7 46. Qf5 Bc2 47.
Rxc2 Re1+ 48. Kf2 1-0

[Event "ONJK 2018 A"]
[Site "Borne, Netherlands"]
[Date "2018.08.11"]
[Round "9.11"]
[White "Weidema, Luuk"]
[Black "Carpentier, Jannes"]
[Result "0-1"]
[WhiteElo "1479"]
[BlackElo "1937"]
[PlyCount "68"]
[EventDate "2018.??.??"]

1. g3 g6 2. Bg2 Bg7 3. c4 d6 4. Nc3 c6 5. e4 Nd7 6. Nge2 Ngf6 7. d3 O-O 8. O-O
e5 9. a3 a5 10. Bd2 Nc5 11. Qc2 a4 12. Rab1 Be6 13. Be3 Nfd7 14. f4 f5 15. fxe5
dxe5 16. Rbd1 Qe7 17. d4 exd4 18. Bxd4 Bxc4 19. Bxg7 Kxg7 20. exf5 Bb3 21. Qb1
Qe3+ 22. Kh1 Bxd1 23. Qxd1 Rxf5 24. Rxf5 gxf5 25. Bh3 Nd3 26. Qf1 N7e5 27. Qxf5
Rf8 28. Qh5 Nf2+ 29. Kg2 Nxh3 30. Kxh3 Rf6 31. Kg2 Qf2+ 32. Kh1 Rf5 33. Qe8
Qf3+ 34. Kg1 Qf1# 0-1

[Event "ONJK 2018 A"]
[Site "Borne, Netherlands"]
[Date "2018.08.11"]
[Round "9.12"]
[White "Ghebreab, Elnathan"]
[Black "Waardenburg, Feline"]
[Result "1-0"]
[WhiteElo "1897"]
[BlackElo "1752"]
[PlyCount "71"]
[EventDate "2018.??.??"]

1. e4 e6 2. Nf3 d5 3. e5 c5 4. b4 cxb4 5. a3 Nc6 6. axb4 Bxb4 7. c3 Be7 8. d4
a6 9. Bd3 Qc7 10. O-O f6 11. Re1 f5 12. Na3 h6 13. Nb5 Qd7 14. Nh4 h5 15. Ng6
Rh7 16. Be2 Kd8 17. Bxh5 Nxe5 18. Nxe5 Qxb5 19. Bg6 Rh4 20. g3 Re4 21. Be3 Nf6
22. Rb1 Qa5 23. f3 Rxe3 24. Rxe3 Kc7 25. c4 Nd7 26. Ra1 Qb4 27. Rb3 Qd6 28. c5
Nxc5 29. Nf7 Qd7 30. dxc5 Bxc5+ 31. Kg2 Kb8 32. Qc2 Bd4 33. Rd1 Bf6 34. Rc1 b5
35. Nd6 Ka7 36. Qc7+ 1-0